| 000 | 00560cam a22002177a 4500 | ||
|---|---|---|---|
| 001 | 000860 | ||
| 003 | armpunfd | ||
| 005 | 20140612090623.0 | ||
| 008 | 011019e1985#xx#a##########000#0##nd#d | ||
| 040 |
_aarmpunfd _carmpunfd |
||
| 080 | _a351.83 AL 76 | ||
| 100 | 1 | 0 | _a Alvarez Chavez, Victor Hugo |
| 245 | 1 | 0 | _aDespido |
| 260 |
_a Buenos Aires : _b La Ley, _cC1985. |
||
| 300 | _a276 p. | ||
| 650 | 7 |
_a Derecho Del Trabajo _2LEMB |
|
| 650 | 7 |
_a Derecho Laboral _2LEMB |
|
| 650 | 7 |
_a Despido _2LEMB |
|
| 942 |
_cLB _2cdu |
||
| 945 |
_aCatalis _d2010-08-19 |
||
| 999 |
_c851 _d231355 |
||